[Event "Nuoro Olbia Oristano Province-ch"]
[Site "Siniscola"]
[Date "2015.02.15"]
[Round "7"]
[White "Pinna, Gianfranco"]
[Black "Talu, Alessandro"]
[Result "1-0"]
[WhiteElo "1440"]
[BlackElo "1551"]
[PlyCount "103"]
[EventDate "2015.02.07"]
[EventType "swiss"]
[EventRounds "7"]
[EventCountry "ITA"]
[SourceTitle "EXT 2017"]
[Source "ChessBase"]
[SourceDate "2016.10.25"]
[SourceVersion "1"]
[SourceVersionDate "2016.10.25"]
[SourceQuality "1"]

1. e4 e5 2. Nf3 Nc6 3. Bc4 Nf6 4. Ng5 d5 5. exd5 Na5 6. d3 Nxc4 7. dxc4 h6 8. Nf3 Bd6 9. h3 c6 10. 0-0 0-0 11. Re1 Re8 12. Nc3 Bb8 13. Be3 Qd6 14. c5 Qd7 15. d6 Qe6 16. Qd2 b6 17. b4 Nd5 18. a3 f6 19. Nxd5 cxd5 20. c3 b5 21. a4 Bd7 22. a5 a6 23. Nh2 Qf7 24. f4 e4 25. Qf2 f5 26. Bd4 Kh7 27. Re3 Rg8 28. g4 g6 29. Kh1 Ba7 30. Rg1 Rae8 31. Be5 Re6 32. Rd1 Bc6 33. Nf1 h5 34. Nd2 Rge8 35. Qg3 Kg8 36. Nb3 Qh7 37. Kg2 Kf7 38. Nd4 h4 39. Qh2 Rxe5 40. fxe5 Qh6 41. Rde1 f4 42. Rf1 f3+ 43. Kf2 Bd7 44. Rg1 Qg5 45. e6+ Bxe6 46. Nxe6 Rxe6 47. d7 Qd8 48. Qf4+ Kg7 49. g5 Qh8 50. Qc7 Bb8 51. Qc8 Bg3+ 52. Kf1 1-0

[Event "Nuoro Olbia Oristano Province-ch"]
[Site "Siniscola"]
[Date "2015.02.15"]
[Round "6"]
[White "Talu, Alessandro"]
[Black "Moro, Gabriel"]
[Result "0-1"]
[WhiteElo "1551"]
[BlackElo "1479"]
[PlyCount "86"]
[EventDate "2015.02.07"]
[EventType "swiss"]
[EventRounds "7"]
[EventCountry "ITA"]
[SourceTitle "EXT 2017"]
[Source "ChessBase"]
[SourceDate "2016.10.25"]
[SourceVersion "1"]
[SourceVersionDate "2016.10.25"]
[SourceQuality "1"]

1. e4 e6 2. d4 d5 3. Nd2 c5 4. c3 Nc6 5. Ngf3 dxe4 6. Nxe4 Qd5 7. Ng3 cxd4 8. cxd4 Nf6 9. Be2 Bd6 10. 0-0 b6 11. a3 Bb7 12. b3 Na5 13. Rb1 Rc8 14. Re1 Bxg3 15. fxg3 Ne4 16. Bd2 Nxd2 17. Qxd2 Nxb3 18. Qb4 Na5 19. Bf1 Nc6 20. Qb2 0-0 21. Qa1 Rfd8 22. Rb5 Qd6 23. Re4 Ne7 24. Rg4 Nf5 25. Rb4 Ne3 26. Rxg7+ Kxg7 27. d5+ Kg8 28. Rh4 Nxf1 29. Rg4+ Kf8 30. Qh8+ Ke7 31. Qxh7 Qc5+ 32. Kh1 Qc1 33. d6+ Rxd6 34. Qh4+ Ke8 35. Rg8+ Kd7 36. Ne5+ Kc7 37. Qe7+ Kb8 38. Rxc8+ Kxc8 39. h4 Nxg3+ 40. Kh2 Qh1+ 41. Kxg3 Qxg2+ 42. Kf4 Rd4+ 43. Ke3 Qe4+ 0-1